<?xml version="1.0" encoding="UTF-8"?>
<record
    xmlns:xsi="http://www.w3.org/2001/XMLSchema-instance"
    xsi:schemaLocation="http://www.loc.gov/MARC21/slim http://www.loc.gov/standards/marcxml/schema/MARC21slim.xsd"
    xmlns="http://www.loc.gov/MARC21/slim">

  <leader>02088cam a2200301 a 4500</leader>
  <controlfield tag="001">4469858</controlfield>
  <controlfield tag="005">20231002091242.0</controlfield>
  <controlfield tag="008">960228s1996    nyua     b    001 0 eng  </controlfield>
  <datafield tag="010" ind1=" " ind2=" ">
    <subfield code="a">   96010943 </subfield>
  </datafield>
  <datafield tag="020" ind1=" " ind2=" ">
    <subfield code="a">0471133027 (cloth : acidfree paper)</subfield>
  </datafield>
  <datafield tag="040" ind1=" " ind2=" ">
    <subfield code="a">DLC</subfield>
    <subfield code="c">DLC</subfield>
    <subfield code="d">DLC</subfield>
  </datafield>
  <datafield tag="050" ind1="0" ind2="0">
    <subfield code="a">TK5103</subfield>
    <subfield code="b">.F68 1996</subfield>
  </datafield>
  <datafield tag="082" ind1="0" ind2="0">
    <subfield code="a">621.382,FRE</subfield>
    <subfield code="2">20</subfield>
  </datafield>
  <datafield tag="100" ind1="1" ind2=" ">
    <subfield code="a">Freeman, Roger L.</subfield>
    <subfield code="9">57174</subfield>
  </datafield>
  <datafield tag="245" ind1="1" ind2="0">
    <subfield code="a">Telecommunication system engineering /</subfield>
    <subfield code="c">Roger L. Freeman.</subfield>
  </datafield>
  <datafield tag="250" ind1=" " ind2=" ">
    <subfield code="a">4th ed.</subfield>
  </datafield>
  <datafield tag="260" ind1=" " ind2=" ">
    <subfield code="a">New York :</subfield>
    <subfield code="b">Wiley,</subfield>
    <subfield code="c">c2004</subfield>
  </datafield>
  <datafield tag="300" ind1=" " ind2=" ">
    <subfield code="a">xxii, 1023 p. :</subfield>
    <subfield code="b">ill. ;</subfield>
    <subfield code="c">24 cm.</subfield>
  </datafield>
  <datafield tag="440" ind1=" " ind2="0">
    <subfield code="a">Wiley series in telecommunications and signal processing</subfield>
    <subfield code="9">728</subfield>
  </datafield>
  <datafield tag="505" ind1=" " ind2=" ">
    <subfield code="a">Basic Telephony (Page-1), Local Networks (Page-41), Switching in an Analog Environment (Page-73), Signaling for Analog Telephone Networks (Page-111), Introduction to Transmission for Telephony (Page-139), Long-Distance Networks (Page-157), The Design of Long-Distance Links (Page-185), Digital Transmission Systems (Page-261), Digital Switching and Networks (Page-317), Introduction to Data Communications (Page-365), Data Networks and their Operation(Page- 409), Voice-Over IP (Page-483), Local Area Networks (Page-501), Integrated Services Digital Networks (Page-565), Speeding Things Up with Frame Relay (Page-603),The Asynchronous Transfer Mode (ATM) and Broadband ISDN (Page-631), CCITT Signaling System No. 7 (Page-681), Wireless and Cellular/Mobile Radio (Page-737), Last-Mile Broadband Connectivity and Wireless Local Loop (WLL) (Page-805), Optical Networking (Page-835),Network Management (Page-871).</subfield>
  </datafield>
  <datafield tag="650" ind1=" " ind2="0">
    <subfield code="a">Telecommunication systems</subfield>
    <subfield code="x">Design and construction.</subfield>
    <subfield code="9">104470</subfield>
  </datafield>
  <datafield tag="650" ind1=" " ind2="0">
    <subfield code="a">Telephone systems</subfield>
    <subfield code="x">Design and construction.</subfield>
    <subfield code="9">104471</subfield>
  </datafield>
  <datafield tag="856" ind1="4" ind2="2">
    <subfield code="3">Contributor biographical information</subfield>
    <subfield code="u">http://www.loc.gov/catdir/bios/wiley042/96010943.html</subfield>
  </datafield>
  <datafield tag="856" ind1="4" ind2="2">
    <subfield code="3">Publisher description</subfield>
    <subfield code="u">http://www.loc.gov/catdir/description/wiley034/96010943.html</subfield>
  </datafield>
  <datafield tag="856" ind1="4" ind2=" ">
    <subfield code="3">Table of Contents</subfield>
    <subfield code="u">http://www.loc.gov/catdir/toc/onix05/96010943.html</subfield>
  </datafield>
  <datafield tag="906" ind1=" " ind2=" ">
    <subfield code="a">7</subfield>
    <subfield code="b">cbc</subfield>
    <subfield code="c">orignew</subfield>
    <subfield code="d">1</subfield>
    <subfield code="e">ocip</subfield>
    <subfield code="f">19</subfield>
    <subfield code="g">y-gencatlg</subfield>
  </datafield>
  <datafield tag="942" ind1=" " ind2=" ">
    <subfield code="2">ddc</subfield>
    <subfield code="c">BK</subfield>
  </datafield>
  <datafield tag="999" ind1=" " ind2=" ">
    <subfield code="c">592631</subfield>
    <subfield code="d">592631</subfield>
  </datafield>
  <datafield tag="952" ind1=" " ind2=" ">
    <subfield code="0">0</subfield>
    <subfield code="1">0</subfield>
    <subfield code="2">ddc</subfield>
    <subfield code="4">0</subfield>
    <subfield code="7">0</subfield>
    <subfield code="a">MCS</subfield>
    <subfield code="b">MCS</subfield>
    <subfield code="c">GEN</subfield>
    <subfield code="d">2022-12-08</subfield>
    <subfield code="l">0</subfield>
    <subfield code="o">621.382,FRE</subfield>
    <subfield code="p">MCS27377</subfield>
    <subfield code="r">2022-12-08</subfield>
    <subfield code="w">2022-12-08</subfield>
    <subfield code="y">BK</subfield>
    <subfield code="z">Almirah No.35, Shelf No.2</subfield>
  </datafield>
</record>
